000 01291cam a22003131i 4500
003 SA-RiAUC
005 20241225070913.0
008 241223s1985 su g 00010 ara c
040 _aSA-JeALM
_bara
_cSA-RiAUC
_erda
050 4 _b.B85 1985
072 7 _a024
082 0 4 _a210.4
_qSA-RiAUC
090 _a210.4
_bب ل ي
100 1 _aالبليهي، صالح بن إبراهيم بن محمد،
_d1331-1410 هجري
_eمؤلف.
245 1 0 _aيا فتاة الإسلام اقرئي حتى لا تخدعي /
_cتأليف صالح بن إبراهيم البليهي.
250 _aالطبعة الثانية.
264 1 _aالدوحة :
_bمكتبة الامة،
_c1987
300 _a370 صفحة ؛
_c24 سم
336 _aنص
_btxt
_2rdacontent
_3كتاب
337 _aبدون وسيط
_bn
_2rdamedia
338 _aمجلد
_bnc
_2rdacarrier
520 2 _aيشمل الكتاب مجموعة من الأحكام الشرعية للمرأة في أحوال متنوعة.
650 7 _aالمرأة في الإسلام
_2aucsh
650 7 _aالمرأة المسلمة
_2aucsh
650 7 _aالوعظ والإرشاد
_2aucsh
650 7 _aالإسلام والإصلاح الاجتماعي
_2aucsh
942 _2ddc
_cBOOK
_n0
949 _aSA-JeALM
_d241223
_uosman123
_n1
999 _c3934
_d3934